| 000 | 00524nam a2200181Ia 4500 | ||
|---|---|---|---|
| 008 | 240729s9999 xx 000 0 und d | ||
| 022 | _a2359-9855 | ||
| 245 | 0 | _aRobotica & Management | |
| 260 | _aRomania | ||
| 260 | _bEditura Eftimie Murgu | ||
| 650 | _a Industrial engineering. Management engineering | ||
| 650 | _a Management information systems | ||
| 650 | _a Technology (General) | ||
| 650 | _aTechnology | ||
| 856 | _uhttps://doaj.org/toc/3527561e739447cc85a4aea791d9b5b4 | ||
| 942 | _2ddc | ||
| 942 | _cDOAJEJ | ||
| 999 |
_c69757 _d69757 |
||
| 945 |
_a1 _bMadushi Gamage _c1 _dMadushi Gamage |
||